书目信息 |
| 题名: |
书道育人
|
|
| 作者: | 龙迎杰 著 | |
| 分册: | ||
| 出版信息: | 武汉 湖北人民出版社 2016 |
|
| 页数: | 15,169页 | |
| 开本: | 24cm | |
| 丛书名: | 武汉教育家型校长研究丛书 | |
| 单 册: | ||
| 中图分类: | G622.0 , G623.752 | |
| 科图分类: | ||
| 主题词: | 小学教育--教学研究 , 书法课--教学研究--小学 | |
| 电子资源: | ||
| ISBN: | 978-7-216-09060-5 | |
| 000 | 01090oam2 2200289 450 | |
| 001 | 5771 | |
| 005 | 20180529221713.34 | |
| 010 | @a978-7-216-09060-5@dCNY28.00 | |
| 100 | @a20170427d2016 em y0chiy50 ea | |
| 101 | 0 | @achi |
| 102 | @aCN@b420000 | |
| 105 | @ay z 000yy | |
| 200 | 1 | @a书道育人@9shu dao yu ren@e在蔡甸区第一小学的教育探索@f龙迎杰等著 |
| 210 | @a武汉@c湖北人民出版社@d2016 | |
| 215 | @a15,169页@d24cm | |
| 225 | 1 | @a武汉教育家型校长研究丛书@f程斯辉主编 |
| 300 | @a武汉大学中国教育家研究中心策划 武汉市教育家型校长高级研修项目成果 | |
| 330 | @a本书分为书道育人理论篇、书道育人实践篇、书道育人保障篇、书道育人成果篇4章,介绍了书道育人的内涵、书道育人的意义、我国书法教育历史沿革等内容。 | |
| 461 | 0 | @12001 @a武汉教育家型校长研究丛书 |
| 517 | 1 | @a在蔡甸区第一小学的教育探索@9zai cai dian qu di yi xiao xue de jiao yu tan suo |
| 606 | 0 | @a小学教育@x教学研究 |
| 606 | 0 | @a书法课@x教学研究@x小学 |
| 690 | @aG622.0@v5 | |
| 690 | @aG623.752@v5 | |
| 701 | 0 | @a龙迎杰@9long ying jie@f(1972~)@4著 |
| 801 | 0 | @aCN@b91MARC@c20170427 |
| 905 | @aMuseLib@dG622.0@e589 | |
| 书道育人:在蔡甸区第一小学的教育探索/龙迎杰等著.-武汉:湖北人民出版社,2016 |
| 15,169页;24cm.-(武汉教育家型校长研究丛书/程斯辉主编) |
| 武汉大学中国教育家研究中心策划 武汉市教育家型校长高级研修项目成果 |
| ISBN 978-7-216-09060-5:CNY28.00 |
| 本书分为书道育人理论篇、书道育人实践篇、书道育人保障篇、书道育人成果篇4章,介绍了书道育人的内涵、书道育人的意义、我国书法教育历史沿革等内容。 |
| ● |
| 相关链接 |
|
|
|
|
正题名:书道育人
索取号:G622.0/589
 
预约/预借
| 序号 | 登录号 | 条形码 | 馆藏地/架位号 | 状态 | 备注 |
| 1 | 1114864 | 211148649 | 第一样本阅览室/ [索取号:G622.0/589] | 在馆 | |
| 2 | 1114865 | 211148658 | 教育系资料室/ [索取号:G622.0/589] | 在馆 | |
| 3 | 1114866 | 211148667 | 教育系资料室/ [索取号:G622.0/589] | 在馆 | |
| 4 | 1114867 | 211148676 | 教育系资料室/ [索取号:G622.0/589] | 在馆 | |
| 5 | 1114868 | 211148685 | 第四借阅区/ [索取号:G622.0/589] | 在馆 | |
| 6 | 1114869 | 211148694 | 第四借阅区/ [索取号:G622.0/589] | 在馆 |